[Event "EU-ch Hybrid U10"]
[Site "Tornelo INT"]
[Date "2021.10.15"]
[Round "3"]
[White "Surikov, Alexey"]
[Black "Ahmad, Khagan"]
[Result "1-0"]
[WhiteElo "1548"]
[BlackElo "2009"]
[PlyCount "69"]
[EventDate "2021.10.15"]
[EventType "swiss"]
[EventRounds "9"]
[EventCountry "NET"]
[SourceTitle "EXT 2023"]
[Source "ChessBase"]
[SourceDate "2022.10.05"]
[SourceVersion "1"]
[SourceVersionDate "2022.10.05"]
[SourceQuality "1"]
[WhiteTeam "Russia"]
[BlackTeam "Azerbaijan"]
[WhiteTeamCountry "RUS"]
[BlackTeamCountry "AZE"]

1. d4 Nf6 2. Nf3 e6 3. c4 d5 4. g3 Bb4+ 5. Bd2 Be7 6. Bg2 0-0 7. 0-0 Nbd7 8. Qc2 c5 9. cxd5 Nxd5 10. e4 N5f6 11. Nc3 cxd4 12. Nxd4 Nb6 13. Nb3 e5 14. Bg5 Be6 15. Rfd1 Qc7 16. Rac1 Rac8 17. Qb1 Qb8 18. Bxf6 Bxf6 19. Nd5 Bg5 20. Rc5 Bg4 21. Rf1 Nxd5 22. exd5 Qd6 23. Rxc8 Rxc8 24. h3 Bh5 25. Qf5 Qd8 26. h4 Be2 27. Re1 Bxh4 28. gxh4 Bc4 29. Qxe5 h6 30. Qe7 Qb6 31. d6 Rd8 32. d7 Be6 33. Nc5 Qc7 34. Nxe6 fxe6 35. Qe8+ 1-0